000
00297nam a22001337a 4500
008
170717b xxu||||| |||| 00| 0 eng d
020
_a
9780884899877
041
_a
eng
080
_2
2ND
_a
2
100
_a
24
101
_a
TEO
245
_a
THE CATHOLIC FAITH HANDBOOK
_c
MARY, S
942
_2
udc
_c
BK
999
_c
21298
_d
21298